| 000 | 00415cam a22001217a 4500 | ||
|---|---|---|---|
| 008 | 180718b1970 xxu||||| |||| 00| 0 eng d | ||
| 082 | _aA6x5442 D451 | ||
| 100 | _aDesia,W.S. | ||
| 245 |
_aBombay and the marathas up to 1774 _cby W.S. Desai |
||
| 260 |
_aNew Delhi _bMunshiram Manoharlal _c1970 |
||
| 300 | _axvi, 248p | ||
| 650 | _aEast India Company. Maratha (Indic people) --History. Bombay (India : State) --History. | ||
| 999 |
_c408014 _d408014 |
||